Electric Machinery and Transformers /

Contenido: 1) Revisión de la teoría de circuitos eléctricos; 2) Revisión de las leyes básicas del electromagnetismo; 3) Principios de la conversión de energía electromagnética; 4) Transformadores; 5) Generadores de corriente continua; 6) Motores de corriente continua; 7) Generadores sincrónicos; 8)...

Descripció completa

Guardat en:
Dades bibliogràfiques
Autor principal: Guru, Bhag S. (autor)
Format: Llibre
Idioma:anglès
Publicat: Nueva York, EUA : Oxford University, 2001, c2001
Edició:3a edición
Matèries:
Etiquetes: Afegir etiqueta
Sense etiquetes, Sigues el primer a etiquetar aquest registre!

MARC

LEADER 00000nam^a2200000^a^4500
001 000360743
005 20250521000000.0
009 20260310115433.606
037 |a Acervo ITESO - Biblioteca 
041 |a ING 
082 |a 621. 31042  |b GUR 
100 |a Guru, Bhag S.  |e (autor) 
240 1 1 |a [Máquinas electrónicas y transformadores] 
245 1 0 |a Electric Machinery and Transformers /  |c B.S. Guru, H.R. Hiziroglu. 
250 |a 3a edición 
264 4 |a Nueva York, EUA :  |b Oxford University,  |c 2001, c2001 
300 |a XVII, 700 p. 
336 |a texto  |b txt  |2 rdacontenido 
337 |a sin mediación  |b n  |2 rdamedio 
338 |a volumen  |b nc  |2 rdasoporte 
520 |a Contenido: 1) Revisión de la teoría de circuitos eléctricos; 2) Revisión de las leyes básicas del electromagnetismo; 3) Principios de la conversión de energía electromagnética; 4) Transformadores; 5) Generadores de corriente continua; 6) Motores de corriente continua; 7) Generadores sincrónicos; 8) Motores síncronos; 9) Motores polifásicos de inducción; 10) Motores monofásicos; 11) Dinámica de las máquinas eléctricas; 12) Máquinas eléctricas de propósito especial. 
649 |a XX 
650 |a Transformadores -  |x Tema Principal 
650 |a Generadores Eléctricos 
650 |a Motores Eléctricos 
650 |a Máquinas Eléctricas -  |x Tema Principal 
650 |a Circuitos Eléctricos 
650 |a Corriente Continua 
650 |a Corrientes Eléctricas 
650 |a Electricidad -  |x Equipo y Aparatos 
650 |a Electromagnetismo 
650 |a Ingeniería Eléctrica 
910 |a Fondo General 
920 |a Impresos - Libros 
930 |a Colección General 
905 |a 101 
901 |a 0500253991  |b IT1  |c ACC  |i D73071  |u 20250521 
902 |a https://opac.biblio.iteso.mx/vufind/Record/000360743